• 首页
  • 本馆介绍
  • 公告通知
  • 最新文献
  • 馆藏检索
  • 电子资源
  • 读者导购
  • 参考咨询
  • 我的图书馆
  • 登录
  • 详细信息显示
  • 放入我的书架
  • 预约/预借图书
  • 作者相关作品
  • 分类相关作品
  • 丛书相关作品
  • 出版社相关作品

书目信息

  • 表格格式
  • 工作单格式
  • 卡片格式
题名:
设计·雕塑基础
    
 
作者: 张路光 , 成红军 总主编 ;杨晓钟 , 秦少静 编著
分册:  
出版信息: 天津   天津大学出版社  2010.08
页数: 90页
开本: 29cm
丛书名:
单 册:
中图分类: J31
科图分类:
主题词: 雕塑技法--高等教育--教材 , 雕塑技法
电子资源:
ISBN: 978-7-5618-3646-0
000 01041nam0 2200289 450
001 010050005400
005 20130627094341.06
010    @a978-7-5618-3646-0@dCNY39.00
100    @a20100927d2010 em y0chiy0110 ea
101 0  @achi
102    @aCN@b120000
105    @aa z 000yy
106    @ar
200 1  @a设计·雕塑基础@9she ji· diao su ji chu@f张路光,成红军总主编@g杨晓钟,秦少静编著
210    @a天津@c天津大学出版社@d2010.08
215    @a90页@c图@d29cm
300    @a高等教育艺术类专业设计基础规划教材
330    @a本书的重点在于讲解一些雕塑的基础知识,通过对雕塑的基本观察和正确的制作方法的介绍,开始雕塑的学习,因而在以后的学习中可少走一些弯路,更加顺利地进入雕塑艺术广阔而绚丽的大千世界。
606 0  @a雕塑技法@x高等教育@j教材
606 0  @a雕塑技法
690    @aJ31@v4
701  0 @a张路光@9zhang lu guang@4总主编
701  0 @a成红军@9cheng hong jun@4总主编
702  0 @a杨晓钟@9yang xiao zhong@4编著
702  0 @a秦少静@9qin shao jing@4编著
801  0 @aCN@bRENTIAN@c20100927
905    @b546261-65@dJ31@e31@f5
    
    设计·雕塑基础/张路光,成红军总主编/杨晓钟,秦少静编著.-天津:天津大学出版社,2010.08
    90页:图;29cm
    高等教育艺术类专业设计基础规划教材
    
    ISBN 978-7-5618-3646-0:CNY39.00
    本书的重点在于讲解一些雕塑的基础知识,通过对雕塑的基本观察和正确的制作方法的介绍,开始雕塑的学习,因而在以后的学习中可少走一些弯路,更加顺利地进入雕塑艺术广阔而绚丽的大千世界。
●
相关链接 在E读中查询图书 在五车中查询图书 在当当中查询图书 在豆瓣中查询图书


正题名:设计·雕塑基础     索取号:J31/31         预约/预借

序号 登录号 条形码 馆藏地/架位号 状态 备注
1 546261   205462612   第一样本阅览室/ [索取号:J31/31] 在馆    
2 546262   205462621   第一借阅区/ [索取号:J31/31] 在馆    
3 546263   205462630   第一借阅区/ [索取号:J31/31] 在馆    
4 546264   205462649   第一借阅区/ [索取号:J31/31] 在馆    
5 546265   205462658   第一借阅区/ [索取号:J31/31] 在馆    
唐山师范学院图书馆 欢迎您!
大连网信软件有限公司© 版权所有